000 00880nam a2200265 a 4500
001 BRCA_8322
005 20190320210227.0
008 270614s1926----gw-a###f##---#001-0#ger-#
041 _ager
044 _agw
050 4 _aNA350
_b.F73 1926
100 1 _aFrankl, Paul
_920780
245 1 0 _aDie frühmittelalterliche und romanische baukunst
_cvon Paul Frankl ; begründet von Fritz Burger ; herausgegeben von A. E. Brinckmann.
260 _aAlemania
_bAkademische Verlagsgesellschaft Athenaion
_c1926
300 _a291 p.
_bil., 334 láminas
_c29 cm.
440 0 _aHandbuch der Kunstwissenschaft
_920781
500 _aIncluye índice de ilustraciones
500 _aR31
650 1 4 _aArquitectura medieval
_920782
650 1 4 _aArquitectura romanesca
_920783
700 1 _aBurger, Fritz
_920784
700 1 _aBrinckmann, A. E.
_eed.
_920785
902 _aGFM
942 _2lcc
_cB
999 _c7990
_d7990